Culture Générale #1 - Choix Multiples - Statistiques

Statistiques générales
  • Ce quiz a été pris 225 514 fois
    225 513 depuis la dernière actualisation
  • Le résultat moyen est 10 sur 16
Statistiques - réponses
Question Réponse % Correct
Comment Spider-Man a t'il obtenu ses pouvoirs ? À la suite d'une morsure d'araignée radioactive
96%
Quelles sont les couleurs principales du drapeau de l'Espagne ? Rouge et jaune
94%
Combien y a-t-il de trous dans une boule de bowling standard ? 3
92%
Combien y a-t-il d'anneaux sur le drapeau olympique ? 5
84%
Au scrabble français, combien de points vaut la lettre J ? 8
82%
Lequel de ces animaux N'EXISTE PAS dans le zodiac chinois traditionnel ? L'ours
68%
Pour un catholique vivant en France, la fête de Pâques peut-elle être célébrée en mai ? Non
65%
Qu'est-ce qu'un physalis ? Une plante en forme de lanterne
64%
Comment s'appelle le chef du village d'Astérix ? Abraracourcix
62%
Combien d'années vécut l'éléphant le plus vieux du monde ? (connu à ce jour) 86 ans
55%
Qui sont les Brahmanes ? Les membres d'une haute caste indienne
55%
Le panda géant est-il une espèce d'ours ? Oui
55%
Comment s'appelle ce symbole ¶ ? Pied-de-mouche
53%
Qu'est-ce qu'un tarsier ? Un primate
43%
Combien pèse en moyenne une balle de tennis réglementaire ? 58 grammes
41%
Dans le conte de Perrault, qu'apporte le Petit Chaperon Rouge à sa mère-grand ? Une galette et un pot de beurre
39%
Aucun quiz correspondant
Distribution des résultats
% des personnes avec chaque résultat
Percentile par nombre de réponses
Votre historique - résultats
Vous n’avez pas pris ce quiz depuis la dernière actualisation